| 000 | 00454nam a2200157 i 4500 | ||
|---|---|---|---|
| 001 | 20263 | ||
| 003 | ES-MaACL | ||
| 005 | 20230906152251.0 | ||
| 007 | t| | ||
| 008 | 021108s1930 bo ||||1| spa d | ||
| 100 | 1 |
_aAguirre Acha, José. _918849 |
|
| 245 | 1 | 3 |
_aEl secreto del Ande _b: poema épico en seis cantos / _cJosé Aguirre Acha. |
| 260 |
_aLa Paz : _b[s.n., _c1930] ( _fRenacimiento) |
||
| 300 |
_a44 p. ; _c23 cm. |
||
| 852 |
_aES-MaACL _j1756-F-9 |
||
| 999 |
_c20263 _d20263 |
||